-
GUPTA, DR. G.D. SHRAMA DR. SHAILESH KAUR RAMANJEET AND JOSHI RAKESH
Entry Personal Name
Number of records used in: 1
001 - CONTROL NUMBER
003 - CONTROL NUMBER IDENTIFIER
005 - DATE AND TIME OF LATEST TRANSACTION
- control field:
20240106162945.0
008 - FIXED-LENGTH DATA ELEMENTS
- fixed length control field:
240106|| aca||aabn | a|a d
040 ## - CATALOGING SOURCE
- Original cataloging agency:
JRU
- Transcribing agency:
JRU
100 ## - HEADING--PERSONAL NAME
- Personal name:
GUPTA, DR. G.D. SHRAMA DR. SHAILESH KAUR RAMANJEET AND JOSHI RAKESH
670 ## - SOURCE DATA FOUND
- Source citation:
Work cat.: (JRU)5955: GUPTA, DR. G.D. SHRAMA DR. SHAILESH KAUR RAMANJEET AND JOSHI RAKESH, COMPUTER APPLICATIONS IN PHARMACY